| 000 | 00511cam a22002054a 4500 | ||
|---|---|---|---|
| 005 | 20250605164319.0 | ||
| 008 | 250528s ||||||||||||||||||||||||d | ||
| 035 | _a22808 | ||
| 020 | _a9780130942012 | ||
| 040 |
_aGR-AtMCL _bgre _dGR-AtMCL _eAACR2 |
||
| 245 | 1 | _aINTRODUCTION TO COUNSELLING AND GUIDANCE | |
| 250 | _a6 | ||
| 260 |
_bPrentice Hall, _c2003 |
||
| 300 | _a557 | ||
| 700 | 1 |
_aGibson Robert L _98481 |
|
| 700 | 1 |
_aMitchell Marianne H _98482 |
|
| 942 | _cBK | ||
| 999 |
_c7853 _d7853 |
||